L'Europe : Histoire et civilisation (notice n° 1568284)

détails MARC
000 -LEADER
fixed length control field 01575cam a2200133 4500500
005 - DATE AND TIME OF LATEST TRANSACTION
control field 20251214004156.0
041 ## - LANGUAGE CODE
Language code of text/sound track or separate title fre
042 ## - AUTHENTICATION CODE
Authentication code dc
100 10 - MAIN ENTRY--PERSONAL NAME
Personal name Gacon, Stéphane
Relator term author
245 00 - TITLE STATEMENT
Title L'Europe : Histoire et civilisation
260 ## - PUBLICATION, DISTRIBUTION, ETC.
Name of publisher, distributor, etc. Armand Colin,<br/>
Date of publication, distribution, etc. 2017.<br/>
520 ## - SUMMARY, ETC.
Summary, etc. Ce manuel, organisé de manière thématique, présente de façon extrêmement originale, une histoire de l'Europe. S’appuyant sur les débats historiographiques les plus récents, il réfléchit à la construction des discours et des représentations, sondant la notion controversée de civilisation et les logiques d’appartenance. Il propose les principaux jalons de l’histoire de la « civilisation européenne », des origines à nos jours, et pose la question de la spécificité d’un fonds commun européen qui permettrait de définir une « identité » européenne originale.L’Europe d’aujourd’hui est le produit d’héritages multiples… qui ne sont pas tous européens, et qui ne se sont pas toujours ajoutés les uns aux autres de manière facile. Elle a été, tout au long de son histoire, un espace d’affrontements culturels, politiques et militaires qui ne rend pas toujours simple l’usage du singulier. La prise de conscience d’elle-même a été lente, s’est souvent faite par des contacts difficiles avec l’extérieur, et n’a pas empêché les différences entre Européens de souvent prévaloir sur leurs « valeurs » et intérêts communs.
856 41 - ELECTRONIC LOCATION AND ACCESS
Uniform Resource Identifier <a href="https://shs.cairn.info/l-europe--9782200601386?lang=fr&redirect-ssocas=7080">https://shs.cairn.info/l-europe--9782200601386?lang=fr&redirect-ssocas=7080</a>

Pas d'exemplaire disponible.

PLUDOC

PLUDOC est la plateforme unique et centralisée de gestion des bibliothèques physiques et numériques de Guinée administré par le CEDUST. Elle est la plus grande base de données de ressources documentaires pour les Étudiants, Enseignants chercheurs et Chercheurs de Guinée.

Adresse

627 919 101/664 919 101

25 boulevard du commerce
Kaloum, Conakry, Guinée

Réseaux sociaux

Powered by Netsen Group @ 2025